English verbs and tenses : Pre-intermediate

Uloženo v:
Podrobná bibliografie
Hlavní autor: Bourke, Kenna
Médium: Kniha
Jazyk:Undetermined
Vydáno: Oxford, Oxford Univ. Press 2003
Témata:
Tagy: Přidat tag
Žádné tagy, Buďte první, kdo otaguje tento záznam!
Thư viện lưu trữ: Trung tâm Học liệu Trường Đại học Cần Thơ
LEADER 00552nam a2200217Ia 4500
001 CTU_65693
008 210402s9999 xx 000 0 und d
020 |c 74000 
082 |a 425 
082 |b B774 
100 |a Bourke, Kenna 
245 0 |a English verbs and tenses : 
245 0 |b Pre-intermediate 
245 0 |c Kenna Bourke 
260 |a Oxford, 
260 |b Oxford Univ. Press 
260 |c 2003 
650 |a English language 
650 |x Tense 
904 |i Minh,Qhieu sửa 
980 |a Trung tâm Học liệu Trường Đại học Cần Thơ